| 000 -LEADER |
| fixed length control field |
00580cam a2200205u 4500 |
| 001 - CONTROL NUMBER |
| control field |
14152 |
| 003 - CONTROL NUMBER IDENTIFIER |
| control field |
BD-DhUAP |
| 005 - DATE AND TIME OF LATEST TRANSACTION |
| control field |
20201231122048.0 |
| 008 - FIXED-LENGTH DATA ELEMENTS--GENERAL INFORMATION |
| fixed length control field |
200210r20102006ii 001 0 eng |
| 020 ## - INTERNATIONAL STANDARD BOOK NUMBER |
| International Standard Book Number |
9843236750 |
| 040 ## - CATALOGING SOURCE |
| Original cataloging agency |
DLC |
| Transcribing agency |
CarP |
| Modifying agency |
BD-DhUAP |
| Language of cataloging |
Eng |
| 082 ## - DEWEY DECIMAL CLASSIFICATION NUMBER |
| Edition number |
23 |
| Classification number |
346.54920438 HAL |
| 100 ## - MAIN ENTRY--PERSONAL NAME |
| Personal name |
Halim, Md. Abdul. |
| 245 ## - TITLE STATEMENT |
| Title |
A guide to conveyancing and legal drafting / |
| Statement of responsibility, etc. |
Md. Abdul Halim. |
| 250 ## - EDITION STATEMENT |
| Edition statement |
2nd ed. |
| 260 ## - PUBLICATION, DISTRIBUTION, ETC. |
| Place of publication, distribution, etc. |
Dhaka : |
| Name of publisher, distributor, etc. |
CCB foundation, |
| Date of publication, distribution, etc. |
c2008 [Reprinted 2010]. |
| 300 ## - PHYSICAL DESCRIPTION |
| Extent |
302 pages ; |
| Dimensions |
23 cm. |
| 650 #0 - SUBJECT ADDED ENTRY--TOPICAL TERM |
| Topical term or geographic name entry element |
Conveyancing |
| Geographic subdivision |
India. |
| 942 ## - ADDED ENTRY ELEMENTS (KOHA) |
| Source of classification or shelving scheme |
|
| Koha item type |
Book |